[Event "AUT-ch Vor3 Internet"]
[Site "Playchess.com INT"]
[Date "2020.04.17"]
[Round "2"]
[White "Kwech, Martin"]
[Black "Virag, Herbert"]
[Result "1-0"]
[WhiteElo "1105"]
[BlackElo "1776"]
[PlyCount "89"]
[EventDate "2020.04.17"]
[EventType "swiss (blitz)"]
[EventRounds "9"]
[EventCountry "AUT"]
[SourceTitle "CBM 195 Extra"]
[Source "ChessBase"]
[SourceDate "2020.05.31"]
[SourceVersion "1"]
[SourceVersionDate "2020.05.31"]
[SourceQuality "1"]

1. e4 c5 2. Nf3 Nc6 3. Bb5 Nd4 4. Nxd4 cxd4 5. Bc4 d6 6. Qf3 e6 7. d3 Nf6 8. Bb5+ Bd7 9. Bxd7+ Qxd7 10. Bg5 Be7 11. 0-0 0-0 12. Nd2 Rac8 13. Rac1 b5 14. a3 a5 15. Nb3 Qa7 16. Rfe1 Rc7 17. Qg3 Rfc8 18. Bxf6 Bxf6 19. Qxd6 Rxc2 20. Kf1 Rxc1 21. Rxc1 Rxc1+ 22. Nxc1 g6 23. Qc6 b4 24. Qe8+ Kg7 25. Qc6 bxa3 26. bxa3 Be7 27. a4 Qb8 28. Qc4 Qb4 29. Qc2 Bg5 30. Na2 Qa3 31. Ke2 h5 32. g3 Be7 33. f4 Bb4 34. Nxb4 axb4 35. Qc4 Qc3 36. Qxc3 dxc3 37. Kd1 b3 38. Kc1 Kf8 39. a5 Ke8 40. a6 Kd8 41. a7 Kc7 42. a8Q Kb6 43. Qb8+ Kc5 44. Qxb3 Kd4 45. Kc2 1-0

[Event "AUT-ch Vor1 Internet"]
[Site "Playchess.com INT"]
[Date "2020.04.11"]
[Round "7"]
[White "Kipman, Felix"]
[Black "Virag, Herbert"]
[Result "1-0"]
[WhiteElo "1576"]
[BlackElo "1772"]
[PlyCount "63"]
[EventDate "2020.04.11"]
[EventType "swiss (blitz)"]
[EventRounds "9"]
[EventCountry "AUT"]
[SourceTitle "CBM 195 Extra"]
[Source "ChessBase"]
[SourceDate "2020.05.31"]
[SourceVersion "1"]
[SourceVersionDate "2020.05.31"]
[SourceQuality "1"]

1. e4 c5 2. Nc3 Nc6 3. f4 d6 4. Bb5 g6 5. Bxc6+ bxc6 6. Nf3 Bg7 7. d3 e6 8. Bd2 Ne7 9. 0-0 0-0 10. Qc1 f5 11. Ng5 Bd7 12. Qe1 h6 13. Nf3 Rb8 14. Rb1 Qc7 15. Qg3 a5 16. Nh4 Kh7 17. Rfe1 Qd8 18. Nf3 Qc7 19. Qh3 Rb4 20. a3 Rb7 21. exf5 Rxf5 22. Ng5+ Kg8 23. Nxe6 Bxe6 24. Rxe6 Nd5 25. Rxg6 Qf7 26. Qxh6 Nxf4 27. Bxf4 Rxf4 28. Rxg7+ Qxg7 29. Qxf4 Rf7 30. Qc4 Qf6 31. Ne4 Qf5 32. Re1 1-0